logo

Bir Sreshtho Munshi Abdur Rouf Library
Jhenaidah Cadet College

Introduction to nuclear physics / (Record no. 8352)

MARC details
000 -LEADER
fixed length control field 00709cam a22002531 4500
001 - CONTROL NUMBER
JCCL Control Number 8352
003 - CONTROL NUMBER IDENTIFIER
JCCL marc code BD-JhCC
005 - DATE AND TIME OF LATEST TRANSACTION
control field 20180709104559.0
008 - FIXED-LENGTH DATA ELEMENTS--GENERAL INFORMATION
fixed length control field 720620s1966 maua 000 0 eng
035 ## - SYSTEM CONTROL NUMBER
system control number (BD-JhCC)8352
035 ## - SYSTEM CONTROL NUMBER
system control number (OCoLC)336525
040 ## - CATALOGING SOURCE
Original cataloging agency DLC
Transcribing agency OMC
Modifying agency OCoLC
-- MWMU
-- Uk
-- DLC
-- BD-JhCC
041 ## - LANGUAGE CODE
Language code of Book eng
050 00 - LIBRARY OF CONGRESS CALL NUMBER
Classification number QC173
Item number .E53
082 ## - DEWEY DECIMAL CLASSIFICATION NUMBER
Classification number 539.7
Author mark and Year ENG 1966
100 1# - MAIN ENTRY--PERSONAL NAME
Personal name Enge, Harald A.
245 10 - TITLE STATEMENT
Title Introduction to nuclear physics /
Statement of responsibility, etc Harald A. Enge.
260 ## - PUBLICATION, DISTRIBUTION, ETC. (IMPRINT)
Place of publication, distribution, etc Reading, Mass.,
Name of publisher, distributor, etc Addison-Wesley Pub. Co.
Date of publication, distribution, etc [1966]
300 ## - PHYSICAL DESCRIPTION
Pagination x, 582 p.
Other physical details illus.
Dimensions 24 cm.
440 #0 -
Title Addison-Wesley series in physics,
Volume number/sequential designation 1870
650 #0 - SUBJECT ADDED ENTRY--TOPICAL TERM
Topical term or geographic name as entry element Nuclear physics.
942 ## - ADDED ENTRY ELEMENTS (KOHA)
Source of classification or shelving scheme Dewey Decimal Classification
Koha item type Books
Holdings
Source of classification or shelving scheme Damaged status Not for loan Home library Current library Shelving location Total Checkouts Full call number Barcode Date last seen Copy number Koha item type
Dewey Decimal Classification     JCC Rouf Library JCC Rouf Library General Stacks   539.7 ENG 1966 10884 02/22/2018 C-1 Books

JCC Library | Contacts | JCC Home

Last Update on 23 September 2017
Copyright @ 2017-2020 JCC Rouf Library
Rouf Library, Jhenidah Cadet College (JCC), Bangladesh